000 00549nam a2200193 a 4500
005 20140310183145.0
008 021029s19uu xx 00 eng d
020 _a97803337755462
050 _aHF 5718
_b.Em53 2001
100 _aEmden, Joan Van
245 _aEffective communication for science and technology /
_cJoan Van Emden.
260 _aNew York :
_bPalgrave,
_c2001.
300 _a200 p. :
_c20 cm.
521 _aMC
650 _aVerbal communication
650 _aNon-verbal communication
942 _cBK
_2lcc
_kFOR
999 _c19512
_d19512